| 000 | 00529nam a22001937a 4500 | ||
|---|---|---|---|
| 003 | CEME | ||
| 005 | 20210628202933.0 | ||
| 008 | 210127b xxu||||| |||| 00| 0 eng d | ||
| 020 | _a0-7506-5778-2 | ||
| 040 | _c. | ||
| 082 | _a621.3192 BIR | ||
| 100 |
_aBird, John _960264 |
||
| 245 | _aElectrical and electronic priniciples and technology | ||
| 250 | _a2ND | ||
| 260 |
_aNEW YORK _bNEWNES _c2003 |
||
| 300 | _aVIII,382P | ||
| 650 |
_aELECTRICAL AND ELECTRONIC PRINICIPLES.ELECTRONIC PRINICIPLES _962414 |
||
| 942 |
_cBK _2ddc |
||
| 999 |
_c571529 _d571529 |
||